Loading...
| Philosophy | 1 | 5 | 1 | 0 | 60 | 82 | 108.33 | 3 | 6 |
| Literature - British Literature | 2 | 1 | 0 | 0 | 40 | 36 | 68.33 | 2 | 3 |
| Social Science | 0 | 3 | 0 | 1 | 30 | 113 | 122.33 | 0 | 3 |
| Literature - World Literature | 0 | 2 | 0 | 1 | 20 | 96 | 126.50 | 0 | 1 |
| Literature - American Literature | 0 | 2 | 1 | 1 | 15 | 127 | 134.50 | 0 | 2 |
| Fine Arts - Auditory Fine Arts | 0 | 1 | 0 | 0 | 10 | 136 | 136.00 | 0 | 1 |
| Fine Arts - Visual Fine Arts | 0 | 1 | 0 | 0 | 10 | 146 | 146.00 | 0 | 1 |
| History - Other History | 0 | 1 | 0 | 0 | 10 | 95 | 95.00 | 0 | 1 |
| History - World History | 0 | 1 | 0 | 0 | 10 | 129 | 129.00 | 0 | 1 |
| Popular Culture | 0 | 0 | 0 | 0 | 0 | 0.00 | 0 | 0 | |
| Religion | 0 | 0 | 0 | 0 | 0 | 0.00 | 0 | 0 | |
| Science - Physics | 0 | 0 | 0 | 0 | 0 | 0.00 | 0 | 0 | |
| Literature - European Literature | 0 | 0 | 1 | 0 | -5 | 0.00 | 0 | 0 |